000 00545nam a22001937a 4500
005 20241218151928.0
008 241218b ||||| |||| 00| 0 eng d
040 _cAL
041 _aEnglish
082 _223
_a348.04
_bEASS
100 _aEastern Book Company
_9191640
245 _aSupreme Court Cases 2000: Vol 10
260 _aLucknow
_bEastern Book Company
_c2016
300 _axxxi,864 p.
_bHB
_c24x16 cm.
440 _aVolume 10
_9191641
650 _aLaw
_9191642
650 _aMode of Citation (2000) 10 SCC
_9191643
942 _2ddc
_cBI
999 _c233137
_d233137